000 00512 a2200181 4500
020 _a0471465097
040 _aDLC
_bDLC
082 _a530 RES
100 _aHalliday, David.
245 _aFundamentals of physics
_cDavid Halliday, Robert Resnick, Jearl Walker.
250 _a7th ed.
260 _aNew Jersey :
_bWiley,
_cc2005.
300 _axxii, 1056 p. :
_bill. ;
_c28 cm.
500 _aIncludes indexes.
650 _aPhysics.
700 _a1. Resnick, Robert. 2. Walker, Jearl.
942 _cBK
_k530 RES
_2ddc
999 _c5989
_d5989